MARC details
| 000 -CABECERA |
| campo de control de longitud fija |
01233cam a2200325 a 4500 |
| 001 - NÚMERO DE CONTROL |
| campo de control |
000004698 |
| 005 - FECHA Y HORA DE LA ÚLTIMA TRANSACCIÓN |
| campo de control |
20250218125614.0 |
| 008 - DATOS DE LONGITUD FIJA--INFORMACIÓN GENERAL |
| campo de control de longitud fija |
941220s1998 mx 001 0aspa |
| 020 ## - NÚMERO INTERNACIONAL ESTÁNDAR DEL LIBRO |
| Número Internacional Estándar del Libro |
9681905237 |
| 040 ## - FUENTE DE LA CATALOGACIÓN |
| Centro catalogador/agencia de origen |
DO-SdBNP |
| Centro/agencia transcriptor |
DLC |
| Centro/agencia modificador |
DLC |
| 041 17 - CÓDIGO DE LENGUA |
| Código de lengua del texto/banda sonora o título independiente |
spa |
| Código de lengua original |
fre |
| Fuente del código |
Código de idioma MARC |
| 082 ## - NÚMERO DE LA CLASIFICACIÓN DECIMAL DEWEY |
| Número de clasificación |
928.69 |
| Número de documento/Ítem |
S243c |
| 100 1# - ENTRADA PRINCIPAL--NOMBRE DE PERSONA |
| Nombre de persona |
Saramago, José, |
| Fechas asociadas al nombre |
1922-2010 |
| 9 (RLIN) |
12950 |
| 240 00 - TÍTULO UNIFORME |
| Título uniforme |
Cadernos de Lanzarote, Diário I; Diário II; Diário III. |
| 245 10 - MENCIÓN DE TÍTULO |
| Título |
Cuadernos de Lanzarote : |
| Resto del título |
(1993-1995) / |
| Mención de responsabilidad, etc. |
José Saramago ; traducción de Eduardo Naval ; prólogo de César Antonio Molina. |
| 260 ## - PUBLICACIÓN, DISTRIBUCIÓN, ETC. |
| Lugar de publicación, distribución, etc. |
México, D. F. : |
| Nombre del editor, distribuidor, etc. |
Alfaguara, |
| Fecha de publicación, distribución, etc. |
1998. |
| 300 ## - DESCRIPCIÓN FÍSICA |
| Extensión |
656 p. ; |
| Dimensiones |
22 cm. |
| 490 1# - MENCIÓN DE SERIE |
| Mención de serie |
Textos de escritos |
| 534 ## - NOTA SOBRE LA VERSIÓN ORIGINAL |
| Frase introductoria |
Título original: |
| Mención de título del original |
Cadernos de Lanzarote, Diário I; Diário II; Diário III. |
| 600 10 - PUNTO DE ACCESO ADICIONAL DE MATERIA--NOMBRE DE PERSONA |
| Nombre de persona |
SARAMAGO, JOSÉ, |
| Fechas asociadas al nombre |
1922- |
| Subdivisión general |
DIARIO |
| 9 (RLIN) |
13683 |
| 650 #4 - PUNTO DE ACCESO ADICIONAL DE MATERIA--TÉRMINO DE MATERIA |
| Término de materia o nombre geográfico como elemento de entrada |
Autores portugueses |
| Subdivisión cronológica |
SIGLO XX |
| Subdivisión general |
Diario |
| 9 (RLIN) |
13684 |
| 650 #4 - PUNTO DE ACCESO ADICIONAL DE MATERIA--TÉRMINO DE MATERIA |
| Término de materia o nombre geográfico como elemento de entrada |
Literatura portuguesa |
| Subdivisión cronológica |
SIGLO XX |
| 9 (RLIN) |
13685 |
| 650 #4 - PUNTO DE ACCESO ADICIONAL DE MATERIA--TÉRMINO DE MATERIA |
| Término de materia o nombre geográfico como elemento de entrada |
Diarios íntimos |
| 9 (RLIN) |
13686 |
| 650 #4 - PUNTO DE ACCESO ADICIONAL DE MATERIA--TÉRMINO DE MATERIA |
| Término de materia o nombre geográfico como elemento de entrada |
Autobiografías |
| 9 (RLIN) |
13687 |
| 700 1# - PUNTO DE ACCESO ADICIONAL--NOMBRE DE PERSONA |
| Nombre de persona |
Molina, César Antonio, |
| Término indicativo de función/relación |
pról. |
| 9 (RLIN) |
13688 |
| 700 1# - PUNTO DE ACCESO ADICIONAL--NOMBRE DE PERSONA |
| Nombre de persona |
Naval, Eduardo, |
| Término indicativo de función/relación |
tr. |
| 9 (RLIN) |
13689 |
| 830 #0 - PUNTO DE ACCESO ADICIONAL DE SERIE-TÍTULO UNIFORME |
| Título uniforme |
Textos de escritos |
| 9 (RLIN) |
13690 |
| 910 ## - DATOS DE OPCIÓN DEL USUARIO (OCLC) |
| Datos de opción del usuario |
Catalogación por copia / LC |
| 910 ## - DATOS DE OPCIÓN DEL USUARIO (OCLC) |
| Datos de opción del usuario |
WM |